Хиральные вольтамперометрические сенсоры и сенсорные системы для распознавания и определения энантиомеров пропранолола и триптофана: автореферат диссертации на соискание ученой степени кандидата химических наук; спец. 02.00.02

Bibliographische Detailangaben
1. Verfasser: Яркаева Ю. А. Юлия Анатольевна
Körperschaft: Башкирский государственный университет Химический факультет Кафедра аналитической химии
Weitere Verfasser: Майстренко В. Н. Валерий Николаевич (научный руководитель)
Zusammenfassung:Защита сост. 06.04.2019 г.
Sprache:Russisch
Veröffentlicht: Екатеринбург, [Б. и.], 2018
Schlagworte:
Format: Buch
KOHA link:https://koha.lib.tpu.ru/cgi-bin/koha/opac-detail.pl?biblionumber=342760

MARC

LEADER 00000nam0a2200000 4500
001 342760
005 20231102005503.0
035 |a (RuTPU)RU\TPU\book\371958 
090 |a 342760 
100 |a 20190322d2018 k y0rusy50 ca 
101 0 |a rus 
102 |a RU 
105 |a a dm 001zy 
200 1 |a Хиральные вольтамперометрические сенсоры и сенсорные системы для распознавания и определения энантиомеров пропранолола и триптофана  |e автореферат диссертации на соискание ученой степени кандидата химических наук  |e спец. 02.00.02  |f Ю. А. Яркаева  |g Башкирский государственный университет, Химический факультет, Кафедра аналитической химии ; науч. рук. В. Н. Майстренко 
210 |a Екатеринбург  |c [Б. и.]  |d 2018 
215 |a 24 с.  |c ил. 
300 |a Защита сост. 06.04.2019 г. 
320 |a Библиогр.: с. 22-24 (17 назв.) 
606 1 |a Сенсоры электрохимические  |2 stltpush  |3 (RuTPU)RU\TPU\subj\72916  |9 86266 
610 1 |a разработка 
610 1 |a энантиомеры 
610 1 |a биологически активные соединения 
610 1 |a распознавание 
610 1 |a сенсорные системы 
610 1 |a авторефераты диссертаций 
675 |a 543.55(04)  |v 4 
686 |a 02.00.02  |2 oksvnk 
700 1 |a Яркаева  |b Ю. А.  |g Юлия Анатольевна 
702 1 |a Майстренко  |b В. Н.  |g Валерий Николаевич  |4 727 
712 0 2 |a Башкирский государственный университет  |b Химический факультет  |b Кафедра аналитической химии  |2 stltpush  |3 (RuTPU)RU\TPU\col\5909 
801 1 |a RU  |b 63413507  |c 20190322 
801 2 |a RU  |b 63413507  |c 20190416  |g RCR 
942 |c BK